| 000 | 00380nam a22001457a 4500 | ||
|---|---|---|---|
| 999 |
_c15690 _d15690 |
||
| 003 | OSt | ||
| 008 | 190528b ||||| |||| 00| 0 eng d | ||
| 020 | _a9788126528042 | ||
| 082 |
_a519.3 _bDEB/MU |
||
| 100 |
_aDeb, Kalyanmoy. _94181 |
||
| 245 | _aMulti - Objective Optimization Using Evolutionary Algorithms | ||
| 260 |
_aNew Delhi _bWiley _c2018 |
||
| 300 | _a515 p. | ||
| 942 | _cBK | ||